All London Stations (Inner London II) - Statistics

General Stats
  • This quiz has been taken 5 times
  • The average score is 70 of 71
Answer Stats
Line(s) Answer Borough % Correct
Jubi/Bake/Metr/Hamm/Circ Baker Street Westminster
100%
Nort/Sn Balham Wandsworth
100%
Picc/Dist Barons Court Ham. & Fulham
100%
Sn Battersea Park Wandsworth
100%
Nort Battersea Power Station Wandsworth
100%
Dist/Circ Bayswater Westminster
100%
Eliz/Jubi/Cent Bond Street Westminster
100%
Bake/Nort/SEn Charing Cross Westminster
100%
Sn/SWn/Over Clapham Junction Wandsworth
100%
Nort Clapham South Wandsworth
100%
Picc Covent Garden Westminster
100%
Picc/Dist Earl's Court Ken. & Chelsea
100%
Cent East Acton Ham. & Fulham
100%
Dist East Putney Wandsworth
100%
Bake/Nort/Dist/Circ Embankment Westminster
100%
Dist Fulham Broadway Ham. & Fulham
100%
Picc/Dist/Circ Gloucester Road Ken. & Chelsea
100%
Hamm/Circ Goldhawk Road Ham. & Fulham
100%
Metr/Hamm/Circ Great Portland Street Westminster
100%
Jubi/Vict/Picc Green Park Westminster
100%
Hamm/Circ/Picc/Dist Hammersmith Ham. & Fulham
100%
Dist/Circ High Street Kensington Ken. & Chelsea
100%
Cent Holland Park Ken. & Chelsea
100%
Picc Hyde Park Corner Westminster
100%
Dist/Sn/Over Kensington Olympia Ham. & Fulham
100%
Picc Knightsbridge Ken. & Chelsea
100%
Hamm/Circ Ladbroke Grove Ken. & Chelsea
100%
Cent Lancaster Gate Westminster
100%
Hamm/Circ Latimer Road Ken. & Chelsea
100%
Nort/Picc Leicester Square Westminster
100%
Bake Maida Vale Westminster
100%
Cent Marble Arch Westminster
100%
Bake/Chn Marylebone Westminster
100%
Cent/Dist/Circ Notting Hill Gate Ken. & Chelsea
100%
Bake/Vict/Cent Oxford Circus Westminster
100%
Eliz/Bake/Dist/Hamm/Circ/GWn/HX Paddington Westminster
100%
Dist Parsons Green Ham. & Fulham
100%
Bake/Picc Piccadilly Circus Westminster
100%
Vict Pimlico Westminster
100%
SWn Putney Wandsworth
100%
Dist Putney Bridge Ham. & Fulham
100%
SWn Queenstown Road Wandsworth
100%
Cent Queensway Westminster
100%
Dist Ravenscourt Park Ham. & Fulham
100%
Bake Regent's Park Westminster
100%
Hamm/Circ Royal Oak Westminster
100%
Cent/Sn/Over Shepherd's Bush Ham. & Fulham
100%
Hamm/Circ Shepherd's Bush Market Ham. & Fulham
100%
Dist/Circ Sloane Square Ken. & Chelsea
100%
Dist Southfields Wandsworth
100%
Picc/Dist/Circ South Kensington Ken. & Chelsea
100%
Dist/Circ St James' Park Westminster
100%
Dist/Circ Temple Westminster
100%
Nort Tooting Bec Wandsworth
100%
Nort Tooting Broadway Wandsworth
100%
Eliz/Nort/Cent Tottenham Court Road Westminster
100%
Vict/Dist/Circ/SEn/Sn/GX Victoria Westminster
100%
SWn Wandsworth Town Wandsworth
100%
Bake Warwick Avenue Westminster
100%
Hamm/Circ Westbourne Park Ken. & Chelsea
100%
Dist/Sn/Over West Brompton Ken. & Chelsea
100%
Dist West Kensington Ham. & Fulham
100%
Jubi/Dist/Circ Westminster Westminster
100%
Cent White City Ham. & Fulham
100%
Hamm/Circ Wood Lane Ham. & Fulham
100%
SWn Earlsfield Wandsworth
80%
Bake Edgware Road Westminster
80%
Dist/Hamm/Circ Edgware Road Westminster
80%
Sn/Over Imperial Wharf Ham. & Fulham
80%
Jubi St John's Wood Westminster
80%
Sn Wandsworth Common Wandsworth
60%
No matching quizzes found
Score Distribution
Percent of People with Each Score
Percentile by Number Answered
Your Score History
You have not taken this quiz